Christmas in Prague / (Record no. 4848)

MARC details
000 -LEADER
fixed length control field 01236nam a22002897a 4500
001 - CONTROL NUMBER
control field 4848
003 - CONTROL NUMBER IDENTIFIER
control field FISKH
005 - DATE AND TIME OF LATEST TRANSACTION
control field 20241017154314.0
008 - FIXED-LENGTH DATA ELEMENTS--GENERAL INFORMATION
fixed length control field 241017b cb ||||| |||| 00| 0 eng d
020 ## - INTERNATIONAL STANDARD BOOK NUMBER
International Standard Book Number 9780194789028
040 ## - CATALOGING SOURCE
Original cataloging agency FISKH
Language of cataloging eng
Transcribing agency FISKH
Modifying agency FISKH
050 ## - LIBRARY OF CONGRESS CALL NUMBER
Classification number PE1126.A4
082 ## - DEWEY DECIMAL CLASSIFICATION NUMBER
Classification number 428
100 ## - MAIN ENTRY--PERSONAL NAME
Personal name Hannam, Joyce
245 ## - TITLE STATEMENT
Title Christmas in Prague /
Statement of responsibility, etc. by Joyce Hannam
260 ## - PUBLICATION, DISTRIBUTION, ETC.
Place of publication, distribution, etc. New York :
Name of publisher, distributor, etc. Oxford University Press ;
Date of publication, distribution, etc. 2008 .
300 ## - PHYSICAL DESCRIPTION
Extent 56 pages :
Other physical details illustrations ;
Dimensions 21 cm .
490 ## - SERIES STATEMENT
Series statement Oxford Bookworms
505 ## - FORMATTED CONTENTS NOTE
Formatted contents note G <br/>
520 ## - SUMMARY, ETC.
Summary, etc. In a house in Oxford three people are having breakfast - Carol, her husband Jan, and his father Josef. They are talking about Prague, because Carol wants them all to go there for Christmas. Josef was born in Prague, but he left his home city when he was a young man. He is an old man now, and he would like to see Prague again before he dies. But he is afraid. He still remembers another Christmas in Prague, many long years ago - a Christmas that changed his life for ever . . .
521 8# - TARGET AUDIENCE NOTE
Target audience note 390 <br/>
Source Lexile <br/>
521 8# - TARGET AUDIENCE NOTE
Target audience note G <br/>
Source Raz-Plus <br/>
650 ## - SUBJECT ADDED ENTRY--TOPICAL TERM
Topical term or geographic name entry element move
Form subdivision fiction
700 ## - ADDED ENTRY--PERSONAL NAME
Personal name Dickinson, Paul
Relator term illustrator
942 ## - ADDED ENTRY ELEMENTS (KOHA)
Source of classification or shelving scheme Dewey Decimal Classification
Koha item type Books
Suppress in OPAC No
Holdings
Withdrawn status Lost status Source of classification or shelving scheme Damaged status Not for loan Collection Home library Current library Shelving location Date acquired Total Checkouts Full call number Barcode Date due Date last seen Date last checked out Price effective from Koha item type
    Dewey Decimal Classification     Fiction Footprints International School Library Network Toul Kork Campus Footprints International School Library Network Toul Kork Campus TTP Primary Dark Blue Bookshelves 10/17/2024 1 HAN 428 PE1126.A4 FIS00263 06/11/2025 05/28/2025 05/28/2025 10/17/2024 Books